| 000 | 004880000a22001690004500 | ||
|---|---|---|---|
| 003 | MACL | ||
| 005 | 20160301151548.0 | ||
| 008 | 160301b xxu||||| |||| 00| 0 eng d | ||
| 040 |
_aMACL _cMACL |
||
| 041 | _aHindi | ||
| 082 | _a891.431 | ||
| 100 |
_aशिवबहादुर सिंह _941671 |
||
| 245 | _aशित्रिजनी | ||
| 260 |
_bसाहित्य निकेतन _c1953 _aकानपुर |
||
| 650 |
_aPoetry _941672 |
||
| 942 |
_cHIN _k891.431 _2ddc |
||
| 999 |
_c24246 _d24246 |
||